[Event "Brandenburg Seniors op 16th"]
[Site "Rowy"]
[Date "2007.06.27"]
[Round "9"]
[White "Meller, Hans"]
[Black "Schult, Otto"]
[Result "0-1"]
[WhiteElo "1428"]
[BlackElo "1868"]
[PlyCount "77"]
[EventDate "2007.06.18"]
[EventType "swiss"]
[EventRounds "9"]
[EventCountry "POL"]
[SourceTitle "EXT 2011"]
[Source "ChessBase"]
[SourceDate "2010.11.26"]
[SourceVersion "1"]
[SourceVersionDate "2010.11.26"]
[SourceQuality "1"]

1. e4 c6 2. d4 d5 3. e5 Bf5 4. Nf3 h6 5. c4 e6 6. a3 dxc4 7. Bxc4 b5 8. Be2 Nd7 9. 0-0 a6 10. Be3 Ne7 11. Nc3 Nd5 12. Nxd5 exd5 13. Rc1 Rc8 14. h3 Be6 15. Qd2 f6 16. Nh4 fxe5 17. Bh5+ Bf7 18. Bxf7+ Kxf7 19. Nf5 exd4 20. Bxd4 Nf6 21. Ng3 c5 22. Bxf6 gxf6 23. Rfe1 Qd7 24. Qe2 Bg7 25. Qh5+ Kf8 26. Nf5 Qf7 27. Qxf7+ Kxf7 28. Nd6+ Kg6 29. Nxc8 Rxc8 30. b4 c4 31. Re6 a5 32. Rd6 axb4 33. axb4 Bf8 34. Rxd5 Rb8 35. Rd2 Bxb4 36. Rdc2 Bd6 37. Re2 Bf4 38. Rc3 Be5 39. g3 0-1

[Event "Mecklenburg VP-ch Seniors op 06th"]
[Site "Plau am See"]
[Date "2006.10.12"]
[Round "9"]
[White "Erdmann, Wolfgang"]
[Black "Schult, Otto"]
[Result "1-0"]
[WhiteElo "1536"]
[BlackElo "1560"]
[PlyCount "96"]
[EventDate "2006.10.04"]
[EventType "swiss"]
[EventRounds "9"]
[EventCountry "GER"]
[SourceTitle "EXT 2022"]
[Source "ChessBase"]
[SourceDate "2021.10.06"]
[SourceVersion "1"]
[SourceVersionDate "2021.10.06"]
[SourceQuality "1"]

1. c4 e5 2. Nc3 Nf6 3. d3 Bb4 4. Bd2 0-0 5. Nf3 Nc6 6. a3 Be7 7. g3 d6 8. Bg2 a6 9. 0-0 Rb8 10. b3 Be6 11. Ng5 Bd7 12. Nge4 Qc8 13. Nxf6+ Bxf6 14. Nd5 Bd8 15. Rc1 Ne7 16. Bc3 c6 17. Nxe7+ Bxe7 18. e4 f6 19. Bd2 b5 20. b4 bxc4 21. Rxc4 Be6 22. Rc3 Qd7 23. Qc2 Rfc8 24. Rc1 c5 25. bxc5 dxc5 26. Be3 c4 27. dxc4 Rc6 28. c5 Rbc8 29. Bf1 Kh8 30. Qa4 Qa7 31. Qc2 g6 32. Kg2 Qd7 33. f3 Kg7 34. Rb1 f5 35. Bd3 fxe4 36. Bxe4 Bh3+ 37. Kg1 Rf6 38. c6 Qe6 39. c7 Bf5 40. Qb3 Qxb3 41. Rbxb3 Bxe4 42. fxe4 h6 43. Rb8 Rff8 44. Ba7 Bd6 45. Rxc8 Rxc8 46. Bb6 Kf7 47. Rc6 Bxa3 48. Kf2 Bb4 1-0

[Event "Mecklenburg VP-ch Seniors op 06th"]
[Site "Plau am See"]
[Date "2006.10.11"]
[Round "8"]
[White "Schult, Otto"]
[Black "Eberhard, Jean Marie"]
[Result "0-1"]
[WhiteElo "1560"]
[BlackElo "1652"]
[PlyCount "85"]
[EventDate "2006.10.04"]
[EventType "swiss"]
[EventRounds "9"]
[EventCountry "GER"]
[SourceTitle "EXT 2022"]
[Source "ChessBase"]
[SourceDate "2021.10.06"]
[SourceVersion "1"]
[SourceVersionDate "2021.10.06"]
[SourceQuality "1"]

1. d4 Nf6 2. c4 e5 3. dxe5 Ng4 4. Nf3 Bc5 5. e3 Nc6 6. Nc3 Ngxe5 7. a3 a5 8. Nxe5 Nxe5 9. Be2 0-0 10. 0-0 d6 11. b3 Bd7 12. Ne4 Ba7 13. Ng3 Qf6 14. Rb1 Bc6 15. Qd2 Rfe8 16. Bb2 Qe6 17. Bd4 Ng6 18. Bxa7 Rxa7 19. Bd3 Nh4 20. e4 Qe5 21. Qe3 Raa8 22. f4 Qe7 23. Qd4 f5 24. Rbe1 fxe4 25. Bxe4 Bxe4 26. Rxe4 Qf7 27. f5 Rxe4 28. Qxe4 Qf6 29. Qe6+ Qxe6 30. fxe6 Re8 31. Rf7 Rxe6 32. Rxc7 Re1+ 33. Kf2 Ra1 34. Rxb7 Rxa3 35. Ne4 Ra2+ 36. Kg3 Nf5+ 37. Kf4 Nd4 38. Nxd6 g6 39. Rb8+ Kg7 40. Ke3 Nc6 41. Rb6 Nb4 42. Kf3 Rb2 43. Rb7+ 0-1

[Event "Brandenburg Seniors op 15th"]
[Site "Rowy"]
[Date "2006.06.23"]
[Round "4"]
[White "Schult, Otto"]
[Black "Krasowski, Slawomir"]
[Result "0-1"]
[WhiteElo "1591"]
[BlackElo "2012"]
[PlyCount "82"]
[EventDate "2006.06.19"]
[EventType "swiss"]
[EventRounds "9"]
[EventCountry "POL"]
[SourceTitle "EXT 2007"]
[Source "ChessBase"]
[SourceDate "2006.11.23"]
[SourceVersion "1"]
[SourceVersionDate "2006.11.23"]
[SourceQuality "1"]

1. d4 f5 2. Nf3 d6 3. c4 g6 4. Nc3 Bg7 5. Qa4+ Bd7 6. Qb3 Nc6 7. e3 Rb8 8. Bd3 e5 9. dxe5 Nxe5 10. Nxe5 dxe5 11. 0-0 c6 12. Be2 Nf6 13. Rd1 Qc7 14. f3 0-0 15. c5+ Kh8 16. Bc4 Qa5 17. Na4 Rfe8 18. Bd2 Qc7 19. Be1 Rbd8 20. Bh4 Bc8 21. Rxd8 Rxd8 22. Rd1 Rxd1+ 23. Qxd1 Qd7 24. Qxd7 Bxd7 25. Bxf6 Bxf6 26. Nc3 Kg7 27. e4 Bg5 28. Kf2 Bc1 29. Nd1 Kf6 30. g3 a5 31. a4 h5 32. Ke2 fxe4 33. Nf2 exf3+ 34. Kxf3 Bxb2 35. Ne4+ Ke7 36. Nd6 Bg4+ 37. Ke4 Bd1 38. Nxb7 Bc3 39. Kd3 Bb4 40. Ke4 Kf6 41. Be2 Bxe2 0-1

[Event "Rowy Jantar op"]
[Site "Rowy"]
[Date "2005.06.25"]
[Round "5"]
[White "Janocha, Jan"]
[Black "Schult, Otto"]
[Result "1-0"]
[WhiteElo "1787"]
[BlackElo "1580"]
[PlyCount "75"]
[EventDate "2005.06.20"]
[EventType "swiss"]
[EventRounds "9"]
[EventCountry "POL"]
[SourceTitle "EXT 2007"]
[Source "ChessBase"]
[SourceDate "2006.11.23"]
[SourceVersion "1"]
[SourceVersionDate "2006.11.23"]
[SourceQuality "1"]

1. e4 c6 2. d4 d5 3. e5 Bf5 4. f4 e6 5. Nf3 Bg4 6. Bd3 c5 7. c3 cxd4 8. cxd4 Bb4+ 9. Nc3 Nc6 10. Be3 Nge7 11. 0-0 Bf5 12. Be2 h6 13. Nb5 a6 14. Nc3 Bg4 15. Rc1 Nf5 16. Bf2 Bxf3 17. Bxf3 b6 18. Nxd5 Rc8 19. Nxb4 Nxb4 20. Qb3 Rxc1 21. Rxc1 Nd5 22. Bxd5 exd5 23. Qa3 Qa8 24. g4 Ne7 25. Bh4 f6 26. exf6 gxf6 27. Bxf6 Rh7 28. Re1 Qa7 29. Rxe7+ Rxe7 30. Bxe7 Qxe7 31. Qxe7+ Kxe7 32. Kf2 Kf6 33. h4 Kg6 34. Ke3 Kf6 35. f5 Kf7 36. Kf4 Kf6 37. b4 b5 38. a3 1-0

[Event "Rowy Jantar op"]
[Site "Rowy"]
[Date "2005.06.20"]
[Round "1"]
[White "Dembowski, Andrzej"]
[Black "Schult, Otto"]
[Result "1/2-1/2"]
[WhiteElo "1984"]
[BlackElo "1580"]
[PlyCount "30"]
[EventDate "2005.06.20"]
[EventType "swiss"]
[EventRounds "9"]
[EventCountry "POL"]
[SourceTitle "EXT 2007"]
[Source "ChessBase"]
[SourceDate "2006.11.23"]
[SourceVersion "1"]
[SourceVersionDate "2006.11.23"]
[SourceQuality "1"]

1. Nf3 d5 2. g3 Nf6 3. Bg2 c5 4. d3 Nc6 5. 0-0 e6 6. Nbd2 Be7 7. e4 dxe4 8. dxe4 e5 9. c3 b5 10. Qe2 Rb8 11. Rd1 Qc7 12. Nf1 Be6 13. Ne1 b4 14. Nd3 bxc3 15. bxc3 Qa5 1/2-1/2

[Event "Brandenburg Seniors op 12th"]
[Site "Rowy"]
[Date "2003.06.17"]
[Round "1"]
[White "Strehlow, Horst"]
[Black "Schult, Otto"]
[Result "1-0"]
[WhiteElo "2139"]
[BlackElo "1605"]
[PlyCount "89"]
[EventDate "2003.06.??"]
[EventType "swiss"]
[EventRounds "9"]
[EventCountry "POL"]
[SourceTitle "EXT 2006"]
[Source "ChessBase"]
[SourceDate "2005.11.24"]
[SourceVersion "1"]
[SourceVersionDate "2005.11.24"]
[SourceQuality "1"]

1. e4 c6 2. Nc3 d5 3. Nf3 dxe4 4. Nxe4 h6 5. Bc4 e6 6. 0-0 Nf6 7. Nxf6+ Qxf6 8. d4 b5 9. Bd3 Bb7 10. Qe2 Be7 11. Ne5 a6 12. c3 Bd6 13. a4 Nd7 14. f4 Bxe5 15. fxe5 Qe7 16. b3 b4 17. c4 c5 18. Be4 Bxe4 19. Qxe4 0-0 20. Be3 a5 21. Rad1 f5 22. exf6 Nxf6 23. Qg6 cxd4 24. Rxd4 Qf7 25. Qxf7+ Rxf7 26. Rd6 Ng4 27. Rxf7 Kxf7 28. Rd7+ Kf6 29. Bb6 Kg6 30. h3 Nf6 31. Ra7 Rxa7 32. Bxa7 Ne4 33. Bb6 Nd2 34. Bxa5 Nxb3 35. Bxb4 Nd4 36. a5 Nc6 37. a6 Kf7 38. Bc5 Ke8 39. a7 Nxa7 40. Bxa7 Kd7 41. Kf2 Kd6 42. Ke3 g6 43. Ke4 h5 44. Bd4 g5 45. g4 1-0